| 000 | 00394nam a2200133Ia 4500 | ||
|---|---|---|---|
| 008 | 220217s9999||||xx |||||||||||||| ||und|| | ||
| 020 | _a978-0-07-024888-5 | ||
| 082 | _a621.369 2 SAH | ||
| 100 | _aSahu, P.P and Deb, P | ||
| 245 | 0 | _aContemporary optics and optoelectronics | |
| 260 |
_aTata mcgraw hill company Ltd _bNew Delhi _c2008 |
||
| 300 | _b825 | ||
| 650 | _aOPTICAL COMMUNICATION | ||
| 999 |
_c176810 _d176810 |
||